00325 a2200109 4500001000700000020000600007040001100013100002700024240008000051245007500131362000900206169232 a  cMagnum aLima, Leonardo Pereira10aPratica de psicologia moderna - v.6 - relacoes humanas e personalidadelpor10aPratica de psicologia moderna - v.6 - relacoes humanas e personalidade0 a1899